000 00274nam a22001217a 4500
003 SGT
082 _a519.2,XAV
100 _aXAVLER EVGENE
245 _aPROBABILITY THEORY AND RANDOM PROCESSES
260 _bCHAD AND COMPANY PUB.
_c1998
300 _a270
942 _2ddc
_cRARE
999 _c34687
_d34687